LEADER 04596nam 2200721 a 450 001 9910452539803321 005 20200520144314.0 010 $a90-04-25304-1 024 7 $a10.1163/9789004253049 035 $a(CKB)2550000001100419 035 $a(EBL)1316685 035 $a(OCoLC)853364882 035 $a(SSID)ssj0000918431 035 $a(PQKBManifestationID)11588597 035 $a(PQKBTitleCode)TC0000918431 035 $a(PQKBWorkID)10908128 035 $a(PQKB)10571300 035 $a(MiAaPQ)EBC1316685 035 $a(nllekb)BRILL9789004253049 035 $a(PPN)174589794 035 $a(Au-PeEL)EBL1316685 035 $a(CaPaEBR)ebr10734225 035 $a(CaONFJC)MIL504845 035 $a(EXLCZ)992550000001100419 100 $a20130422d2013 uy 0 101 0 $aeng 135 $aurun| uuuua 181 $ctxt 182 $cc 183 $acr 200 00$aNature, environment and culture in East Asia$b[electronic resource] $ethe challenge of climate change /$fedited by Carmen Meinert 210 $aLeiden $cBrill$d2013 215 $a1 online resource (466 p.) 225 0 $aClimate and culture,$x2213-0519 ;$vv. 1 300 $aDescription based upon print version of record. 311 $a90-04-23068-8 311 $a1-299-73594-0 320 $aIncludes bibliographical references and index. 327 $aIDEAS -- Chinese "Unity of Man and Nature" : Reality or Myth? / Heiner Roetz -- Ideas in Daoism Relative to Ecology and the Environment / Paul Jackson -- Environmental Concern : Can Humans Avoid Being Partial? : Epistemological Awareness in the Zhuangzi / Karyn Lai -- Of Eco-Buddhas and Dharma-Roots : Views from the East Asian Buddhist Tradition / Henrik H. Sorensen -- PAST -- A Retrospection of Climate Changes and their Impacts in Chinese History / Ts'ui-jung Liu -- Manipulating the Yellow River and the State Formation of theNorthern Song Dynasty / Ling Zhang -- PRESENT -- Water Diversion Between Official Rhetoric and the Drive to Dominate Nature / Miriam Seeger -- Chinese Environmental Movements : Civil Society Discourses on Climate Change and Environmental Protection / Nora Sausmikat -- "From Worse to Better" : Anti-Desertification Policies on the Tibetan Plateau in the Past Decades / Carmen Meinert & Christian Gudehus -- From Ascetic to Activist : Jiyul Sunim's Korean Buddhist Eco movement / Eunsu Cho -- PROSPECTS -- Killing Three Birds with One Stone : Possibilities of Achieving Environmental Success in Conforming Societies : What Japanese Experiences May Suggest to China / Takashi Kanatsu -- Environmental Think Tanks in Japan and South Korea : Trailblazers or Vicarious Agents? / Alexander Ruser -- Energy and Climate Change in China / Carlo Carraro & Emanuele Massetti -- List of Names and Subjects in Non-Latin Scripts -- Contributing Authors. 330 $aSince in the current global environmental and climate crisis East Asia will play a major role in negotiating solutions, it is vital to understand East Asian cultural variations in approaching and solving environmental challenges in the past, present, and future. The interdisciplinary volume Nature, Environment and Culture in East Asia. The Challenge of Climate Change , edited by Carmen Meinert, explores how cultural patterns and ideas have shaped a specific understanding of nature, how local and regional cultures develop(ed) coping strategies to adapt to environmental and climatic changes in the past and in the present and how various institutions and representatives might introduce their ideas and agendas in future environmental and climate policies on national levels and in international negotiating systems. 410 0$aClimate and Culture$v1. 606 $aClimatic changes$zEast Asia 606 $aClimatic changes$xSocial aspects$zEast Asia 606 $aNature$xEffect of human beings on$zEast Asia 606 $aPhilosophy of nature$zEast Asia 606 $aEnvironmental protection$zEast Asia 607 $aEast Asia$xEnvironmental conditions 607 $aEast Asia$xSocial conditions 608 $aElectronic books. 615 0$aClimatic changes 615 0$aClimatic changes$xSocial aspects 615 0$aNature$xEffect of human beings on 615 0$aPhilosophy of nature 615 0$aEnvironmental protection 676 $a363.738/74095 701 $aMeinert$b Carmen$0891201 801 0$bMiAaPQ 801 1$bMiAaPQ 801 2$bMiAaPQ 906 $aBOOK 912 $a9910452539803321 996 $aNature, environment and culture in East Asia$91990523 997 $aUNINA LEADER 02407nam 2200601 450 001 9910824810003321 005 20230808191537.0 010 $a0-8308-9981-2 035 $a(CKB)3710000000583786 035 $a(EBL)4388718 035 $a(SSID)ssj0001602492 035 $a(PQKBManifestationID)16198220 035 $a(PQKBTitleCode)TC0001602492 035 $a(PQKBWorkID)14821449 035 $a(PQKB)11318940 035 $a(PQKBManifestationID)16313211 035 $a(PQKB)24146129 035 $a(MiAaPQ)EBC4388718 035 $a(DLC) 2015042607 035 $a(Au-PeEL)EBL4388718 035 $a(CaPaEBR)ebr11152326 035 $a(OCoLC)928136904 035 $a(EXLCZ)993710000000583786 100 $a20160215h20162016 uy 0 101 0 $aeng 135 $aur|n|---||||| 181 $ctxt 182 $cc 183 $acr 200 10$aFrom topic to thesis $ea guide to theological research /$fMichael Kibbe 210 1$aDowners Grove, Illinois :$cIVP Academic,$d2016. 210 4$dİ2016 215 $a1 online resource (156 p.) 300 $aIncludes index. 311 $a0-8308-5131-3 320 $aIncludes bibliographical references and index. 327 $aFinding direction -- Gathering sources -- Understanding issues -- Entering discussion -- Establishing position -- Things you should never do in a theological research paper -- Theological research and writing tools -- Scholarly sources for theological research -- Online research databases (ATLA) -- Bibliography software (Zotero) -- A suggested timeline for theological research papers. 330 $aEvery theology student has to write a research paper, but many do not know how to go about doing theological research. In this brief guide, Michael Kibbe introduces students to the basics of academic research, including how to gather and engage different sources, use online databases and bibliography software, and avoid common mistakes. 606 $aTheology$xResearch 606 $aTheology$xAuthorship 606 $aAcademic writing 615 0$aTheology$xResearch. 615 0$aTheology$xAuthorship. 615 0$aAcademic writing. 676 $a230.072 700 $aKibbe$b Michael$f1980-$01650785 801 0$bMiAaPQ 801 1$bMiAaPQ 801 2$bMiAaPQ 906 $aBOOK 912 $a9910824810003321 996 $aFrom topic to thesis$94000348 997 $aUNINA